|
|
|
|
| LEADER |
00588cam a2200169 7i4500 |
| 001 |
0000013755 |
| 005 |
20161025090000.0 |
| 020 |
|
|
|a 983355539X
|
| 090 |
0 |
0 |
|a J420
|b STE
|
| 100 |
1 |
|
|a Salamugam, Linda
|
| 245 |
1 |
0 |
|a Around the world in a flash :
|b how the modern world communicates
|c Linda Salamugam ; illustrated by Mooi Tai.
|
| 260 |
|
|
|a Subang Jaya, Selangor:
|b Express Education,
|c 2006.
|
| 300 |
|
|
|a 58 p.:
|b col. ill.;
|c 21 cm.
|
| 490 |
0 |
|
|a Steps into reading
|
| 650 |
0 |
0 |
|a English language
|
| 700 |
3 |
|
|a Mooi, Tai
|
| 999 |
|
|
|a 0000015197
|b BOK
|c OPEN SHELF - CHILDREN
|e Ground Floor, Bestari Jaya
|